000 01102nam a2200289 a 4500
001 BRCA_484
005 20190320203030.0
008 860911s1987----dcua---##b---f001-0#eng-d
020 _a0874743923 (v. 1)
020 _a0874743931 (pbk. : v. 1)
040 _aDLC
_cDLC
_dDLC
050 4 _aF2172
_b.D43 1987
100 1 _aDeagan, Kathleen A.
_91664
245 1 0 _aArtifacts of the Spanish Colonies of Florida and the Caribbean, 1500-1800
_cKathleen Deagan ; photographs and drawings by James H. Quine.
260 _aWashington, D.C.
_bSmithsonian Institution Press
_c1987
300 _a222 p.
_bil.
_c25 cm
500 _aIncluye glosario e índice alfabético
504 _aBibliografía : p. 193-212
505 0 _aContenido : v. 1. Ceramics, Glassware, and Beads
650 1 4 _aCerámica
_ySiglo XVI-XIX
_zCaribe (Región)
_91665
650 1 4 _aEspañoles
_xAntigüedades
_zCaribe (Región)
_91666
650 1 4 _aEspañoles
_xAntigüedades
_zFlorida
_91667
651 4 _aCaribe (Región)
_xAntigüedades
_91668
651 4 _aFlorida
_xAntigüedades
_91669
700 1 _aQuine, James H
_91670
942 _2lcc
_cB
999 _c418
_d418